000 00583nam a2200241Ia 4500
003 OSt
005 20220912150853.0
006 a|||||r|||| 00| 0
007 ta
008 220909b |||||||| |||| 00| 0 eng d
024 _a27939
037 _cTextual
040 _aCSL
_beng
_cCSL
041 _aeng
082 _aY774--15z7, M0
100 _aMelville Margarita B
245 0 _aTwice a minority
260 _c1980
300 _axi,270p.
_ccm.
650 _aMexicans
942 _hY774--15z7, M0
_cTEXL
_2CC
999 _c56677
_d56677